Normal view MARC view
  • Chemotherapy.

Entry Topical Term

Number of records used in: 0

001 - CONTROL NUMBER

  • control field: 6221

003 - CONTROL NUMBER IDENTIFIER

  • control field: URS

005 - DATE AND TIME OF LATEST TRANSACTION

  • control field: 20250626102521.0

008 - FIXED-LENGTH DATA ELEMENTS

  • fixed length control field: 250626|| aca||babn | a|a d

040 ## - CATALOGING SOURCE

  • Original cataloging agency: URS

150 ## - HEADING--TOPICAL TERM

  • Topical term or geographic name entry element: Chemotherapy.

University of Rizal System
Email us at univlibservices@urs.edu.ph

Visit our Website www.urs.edu.ph/library